| 000 | 01548cam a2200373 i 4500 | ||
|---|---|---|---|
| 003 | EG-GICUC | ||
| 005 | 20260324115447.0 | ||
| 008 | 060826s2005 enk frb 001 0 eng d | ||
| 020 |
_a1904385583 _qhbk. |
||
| 020 |
_a9781904385585 _c(hbk.) |
||
| 040 |
_aUk _cUk _dBAKER _dOrLoB _dOCoLC _dDLC _dEG-GICUC _beng _erda |
||
| 043 | _ae-uk--- | ||
| 050 | 0 | 0 |
_aKD4100 _b.S52 2005 |
| 082 | 0 | 4 |
_a341.84 _221 |
| 092 | 0 | 4 | _221 |
| 099 | _aLaw 12 2005 | ||
| 100 | 1 | _aShah, Prakash. | |
| 245 | 1 | 0 |
_aLegal pluralism in conflict : _bcoping with cultural diversity in law / _cPrakash Shah with a foreword by Roger Cotterrell. |
| 264 |
_aLondon ; _aPortland, Or. : _bGlass House Press, _c2005. |
||
| 300 |
_axi, 206 pages ; _c23 cm. |
||
| 336 |
_atext _2rdacontent |
||
| 337 |
_aComputer _2rdamedia |
||
| 338 |
_aOnline Resource _2rdacarrier |
||
| 504 | _aIncludes bibliographical references (p. [179]-197) and index. | ||
| 650 | 0 |
_aReligious minorities _xLegal status, laws, etc. _zGreat Britain. |
|
| 650 | 0 |
_aSouth Asians _xLegal status, laws, etc. _zGreat Britain. |
|
| 650 | 0 |
_aLegal polycentricity _zGreat Britain. |
|
| 856 | 4 | 2 | _uhttps://fll.law.cu.edu.eg/fulltext/bks/ENGB12-00104.pdf |
| 856 | 4 | 2 |
_3Contributor biographical information _uhttp://www.loc.gov/catdir/enhancements/fy0626/2006281850-b.html |
| 856 | 4 | 2 |
_3Publisher description _uhttp://www.loc.gov/catdir/enhancements/fy0626/2006281850-d.html |
| 856 | 4 | 1 |
_3Table of contents only _uhttp://www.loc.gov/catdir/enhancements/fy0626/2006281850-t.html |
| 905 | _a10 | ||
| 942 |
_2ddc _cBK _e21 _n0 |
||
| 999 |
_c66599 _d66599 |
||